000 00338 a2200157 4500
001 179763
020 _a
040 _cMagnum
100 _aFerreiro, Emilia
240 1 0 _aAlfabetizacao em processo
_lpor
245 1 0 _aAlfabetizacao em processo
362 0 _a1899
440 1 _aCortez
697 _aMAGNITO: PSICOLOGIA
942 _cBK
999 _c179763
_d179763